The new pocket Roget's thesaurus in dictionary form. (Record no. 16134)

000 -LEADER
fixed length control field 00511nam a2200169 a 4500
001 - CONTROL NUMBER
control field :::00018831$&:&@@
003 - CONTROL NUMBER IDENTIFIER
control field OkBaRHE
005 - DATE AND TIME OF LATEST TRANSACTION
control field 20010110124627.0
008 - FIXED-LENGTH DATA ELEMENTS--GENERAL INFORMATION
fixed length control field s1961 j 000 0 eng u
040 ## - CATALOGING SOURCE
Transcribing agency
100 1# - MAIN ENTRY--PERSONAL NAME
Personal name Lewis, Norman
245 14 - TITLE STATEMENT
Title The new pocket Roget's thesaurus in dictionary form.
260 ## - PUBLICATION, DISTRIBUTION, ETC. (IMPRINT)
Place of publication, distribution, etc New York
Name of publisher, distributor, etc Washington Square Press
Date of publication, distribution, etc 1961
300 ## - PHYSICAL DESCRIPTION
Extent 496 p.
942 ## - ADDED ENTRY ELEMENTS (KOHA)
Source of classification or shelving scheme
Koha item type Books
Copies
Not for loan Koha item type Date acquired Damaged status Shelving location Price effective from Barcode Date last seen Lost status Full call number Copy number Withdrawn status Permanent Location Source of classification or shelving scheme
 Books2010-04-14 General Stacks2010-04-14188312010-04-14 PE 1591 .L461 RHEMA Bible Training College